| 000 | 00753nam a2200241 a 4500 | ||
|---|---|---|---|
| 001 | 155480 | ||
| 003 | OSt | ||
| 005 | 20210917105734.0 | ||
| 008 | 180223 ### HIN | ||
| 020 | _a9788131606674 | ||
| 082 |
_a305.420954 _bM72G |
||
| 245 |
_aGender, identity, and multiple marginalities : essays in honour of Professor Yogendra Singh _cedited by Ishwar Modi |
||
| 260 |
_aJaipur; New Delhi _bRawat Publication _c2015 |
||
| 300 | _avii, 388p. | ||
| 490 | _aModernization, globalization and social transformation | ||
| 653 | _aMarginality, Social | ||
| 653 | _aWomen--Social conditions | ||
| 653 | _aWomen in development | ||
| 653 | _aIndia | ||
| 653 | _aEthnic relations | ||
| 700 |
_aModi, Ishwar _eEditor |
||
| 942 |
_2ddc _cBK |
||
| 999 |
_c17930 _d17930 |
||